Statistics for Singapore NS MRT Stations

Click here to take the quiz!

General Stats

  • This quiz has been taken 5 times
  • The average score is 19 of 26

Answer Stats

NS Stations % Correct
Jurong East
100%
Woodlands
100%
Admiralty
100%
Bradell
75%
Marina Bay
75%
Raffles Place
75%
City Hall
75%
Dhoby Ghaut
75%
Somerset
75%
Orchard
75%
Newton
75%
Novena
75%
Toa Payoh
75%
Ang Mo Kio
75%
Bukit Batok
75%
Yishun
75%
Sembawang
75%
Marsiling
75%
Kranji
75%
Choa Chu Kang
75%
Bukit Gombak
75%
Bishan
50%
Yio Chu Kang
50%
Khatib
50%
Yew Tee
50%
Marina South Pier
50%

Score Distribution

Percentile by Number Answered

Percent of People with Each Score

Your Score History

You have not taken this quiz